Brady vs Mahomes - Statistics

General Stats
  • This quiz has been taken 43 times
  • The average score is 14 of 15
Answer Stats
Question Answer % Correct
Went to play football at Texas Tech Patrick Mahomes
100%
Who won more Super Bowl Tom Brady
100%
Had Rob Gronkowski as a teammate Tom Brady
100%
Played for one team only Patrick Mahomes
97%
Wear the number 12 Tom Brady
97%
Has more Touchdowns passes Tom Brady
97%
Was taken in the sixth round Tom Brady
97%
Have won a Super Bowl mvp Both
94%
Has a brother that dances on tiktok Patrick Mahomes
94%
Have won a regular season mvp Both
87%
Rush for more yards Patrick Mahomes
87%
Lost to the Eagles in the Super Bowl Both
84%
Have thrown for 5,000 yards in a season Both
74%
Who leads the NFl in touchdown passes the most times Tom Brady
74%
Won back to back Super Bowl Both
71%
No matching quizzes found
Score Distribution
Percent of People with Each Score
Percentile by Number Answered
Your Score History
You have not taken this quiz